000 00380nam a2200133Ia 4500
005 20260328104316.0
008 260328s9999||||xx |||||||||||||| ||und||
100 _aStrongman, Cathy
245 4 _aThe Sustainable Home the essential Guide to eco Building , renovation and decoration /
_cCathy Strongman
260 _bMerrell
300 _a207 p.
650 _aBRAZIL
942 _cBK
999 _c11153
_d11153